00447nam a22001457a 450000500170000000800410001702000150005804100120007308200120008510000120009724500750010926000600018430000310024465000260027520241014061457.0241014b |||||||| |||| 00| 0 eng d a0409006017 aEnglish a348 SOU lEnglish aThe South African Encyclopaedia of Forms and Precedents / cC Weinberg aDurban: bButterworths and Publishers (Pty) Ltd,c1982  bxliv, 314 pages; c26 cm.  aLegal practice bLaw